[Event "EWCCC Online Preliminary-D 2020"]
[Site "Online"]
[Date "2020.12.19"]
[Round "9.2"]
[White "Velikic, Adela"]
[Black "Esadze, Tamari"]
[Result "1/2-1/2"]
[WhiteElo "2278"]
[BlackElo "1889"]
[Annotator "TA"]
[PlyCount "113"]
[EventDate "2020.12.19"]
[EventType "team-tourn"]
[EventCountry "NET"]
[SourceTitle "playchess.com"]
[Source "ChessBase"]
[SourceQuality "1"]

{[%evp 13,113,33,49,56,56,47,52,62,78,50,45,39,40,36,48,39,38,43,46,58,45,49,43,6,41,41,68,66,79,20,23,18,8,14,15,10,37,50,77,75,85,70,82,62,66,66,70,56,70,52,56,52,56,49,78,4,56,0,0,0,55,4,29,0,14,17,116,0,17,0,0,0,24,0,0,0,17,0,0,0,22,0,0,0,0,0,0,0,0,0,0,0,0,0,0,0,0,0,0,0,0,0]} 1. d4 d5 2. c4 e6 3. Nc3 Nf6 4. cxd5 exd5 5. Bg5 Bb4 6. e3 h6 7. Bh4 c5 8. Bb5+ {E30: Nimzo-Indian: Leningrad Variation.} Nc6 9. Nge2 O-O 10. dxc5 {[#] White is slightly better.} Bxc5 $146 ({Predecessor:} 10... g5 11. Bg3 Bxc5 12. O-O Be6 13. Rc1 Be7 14. Bd3 Rc8 15. a3 Re8 16. Bb1 Bf8 {1-0 (37) Illescas Cordoba,M (2600)-Rodriguez Vargas,O (2465) Spain 1992}) 11. O-O (11. Bxf6 $5 Qxf6 12. Qxd5 $14) 11... Be6 12. Nf4 a6 13. Be2 d4 14. Bxf6 (14. Ne4 {is interesting.} Be7 15. Bxf6 Bxf6 16. Nxe6 fxe6 17. Qb3) 14... Qxf6 ({But not} 14... gxf6 15. Ne4 $16) 15. Ne4 Qe5 16. Nxc5 Qxc5 17. Nxe6 fxe6 18. Rc1 Qd6 19. Bf3 d3 20. Bxc6 bxc6 21. Rc3 (21. Rc4 $16) 21... Rad8 {next ...d2 is good for Black.} 22. Qd2 e5 23. e4 Qb4 24. f3 Qd4+ 25. Qf2 Qa4 {[#] White must now prevent ...d2.} 26. b3 Qa3 27. Rd1 ({Don't play} 27. Rxc6 $6 d2 $11) 27... Rd4 28. Qd2 Rfd8 29. Rxc6 a5 30. h3 Kh7 31. Rc3 (31. Rdc1 {feels hotter.} a4 32. Ra6 Qe7 33. bxa4 Qf7 34. Ra5) 31... Qb4 32. Kh2 a4 33. bxa4 Qxa4 34. a3 (34. Rc5 $16) 34... Qb5 (34... Rc4 $11 35. Rxc4 (35. Rxd3 $2 Rxd3 36. Qxd3 Rd4 $19) 35... Qxc4) 35. Rdc1 Qa5 {aiming for ...Rc8!} 36. Rd1 Qb5 37. Rc7 (37. Ra1 $14) 37... Qa4 38. Rb1 Qxa3 39. Rbb7 Rg8 (39... Qf8 $11) 40. h4 ({White should play} 40. Rc6 $16 {[%csl Gd2][%cal Rc6h6]} Rd6 {[#]} 41. Ra7 $1 {[%mdl 576] Deflection} Qxa7 42. Rxd6) 40... Qd6 $11 41. Re7 Qf6 42. Kh3 $1 Qd6 43. g3 Qf6 {The position is equal.} 44. Kg2 Qd6 45. h5 Qf6 46. g4 Rd6 47. Red7 Rf8 48. Rxg7+ Qxg7 49. Rxg7+ Kxg7 {[%mdl 4096] Endgame KQ-KRR} 50. g5 Rfd8 51. g6 Rd4 52. Qa5 R8d7 53. Qxe5+ Kg8 54. Qe8+ Kg7 55. Qe5+ Kg8 56. Qe6+ Kg7 57. Qe5+ {Weighted Error Value: White=0.16/Black=0.13} 1/2-1/2

[Event "EWCCC Online Preliminary-D 2020"]
[Site "Online"]
[Date "2020.12.19"]
[Round "9.2"]
[White "Maisuradze, Nino"]
[Black "Lomaia, Diana"]
[Result "1-0"]
[WhiteElo "2214"]
[BlackElo "1946"]
[Annotator "TA"]
[PlyCount "85"]
[EventDate "2020.12.19"]
[EventType "team-tourn"]
[EventCountry "NET"]
[SourceTitle "playchess.com"]
[Source "ChessBase"]
[SourceQuality "1"]

{[%evp 9,85,8,12,7,16,11,11,0,6,0,6,-14,27,17,265,268,314,330,333,324,318,325,331,326,347,351,350,350,358,351,362,218,265,0,356,354,372,390,382,381,484,485,571,560,566,540,537,519,520,479,719,717,756,754,770,768,770,743,1035,1005,1018,994,1216,1195,1085,896,1193,1083,1112,982,1064,981,2370,2418,2376,2370,2305,2035]} 1. d4 d5 2. Nf3 Nf6 3. e3 e6 4. Bd3 c5 5. b3 b6 6. Bb2 {D05: Colle System with ...e6.} Be7 7. Nbd2 Bb7 8. Ne5 {The position is equal.} Nc6 9. f4 Qc7 10. a3 {[#]} h5 $146 ({Predecessor:} 10... Ne4 11. O-O Nxe5 12. fxe5 O-O 13. Nxe4 dxe4 14. Bc4 a6 15. d5 exd5 16. Bxd5 Rad8 17. c4 Bg5 18. Qg4 Bxe3+ 19. Kh1 Bd4 20. Bxd4 cxd4 21. Qxe4 Bxd5 22. cxd5 {½-½ (47) Alekhine,A-Stahlberg,G Oerebro 1935}) 11. O-O O-O-O $2 (11... Kf8 $11) 12. Nxf7 $18 {[%mdl 64] [#] Double Attack} Ng4 13. Qe2 Bf6 14. Nxd8 Rxd8 15. Nf3 Kb8 16. Ne5 Ncxe5 17. dxe5 Be7 18. h3 Nh6 19. Rad1 Qc6 20. Bb5 Qc7 21. Bd3 Qc6 22. Qxh5 c4 23. Bg6 c3 24. Bc1 d4 {[%csl Gb7][%cal Rc6g2] [#]} 25. Qe2 {White is clearly winning.} Qc5 26. exd4 Qc8 27. b4 Nf5 28. Bxf5 exf5 29. Rf3 Bxf3 (29... Bh4 $142 30. Rfd3 Ba6) 30. Qxf3 Qc4 31. d5 Bf8 32. d6 Rd7 33. Qd3 Qc6 34. Qxf5 Rd8 35. Be3 Be7 36. Qg4 Bf8 37. Qf3 Qd7 38. Rd3 Qb7 39. Qxb7+ Kxb7 40. Rxc3 Rc8 41. Rxc8 Kxc8 42. c4 Kd7 43. f5 {Weighted Error Value: White=0.21/Black=0.33} 1-0

[Event "EWCCC Online Preliminary-D 2020"]
[Site "Online"]
[Date "2020.12.19"]
[Round "9.2"]
[White "Pipia, Ekaterine"]
[Black "Sandu, Mihaela"]
[Result "0-1"]
[WhiteElo "2019"]
[BlackElo "2268"]
[Annotator "TA"]
[PlyCount "58"]
[EventDate "2020.12.19"]
[EventType "team-tourn"]
[EventCountry "NET"]
[SourceTitle "playchess.com"]
[Source "ChessBase"]
[SourceQuality "1"]

{[%evp 12,57,9,0,18,14,22,24,18,0,2,-51,-37,-85,-78,-150,-150,-162,-159,-166,-94,-105,-92,-99,-86,-188,-123,-207,-140,-147,-154,-412,-279,-397,-394,-379,-374,-380,-389,-383,-354,-329,-270,-29996,-29997,-29998,-29999,-29999]} 1. d4 Nf6 2. c4 e6 3. Nf3 b6 4. Nc3 Bb4 5. e3 Bb7 6. Bd3 Ne4 7. Qc2 Bxc3+ {has lost popularity (7...f5). E43: Nimzo-Indian: Rubinstein: 4...b6.} 8. bxc3 f5 9. a4 O-O {White has an edge.} 10. Ba3 {[#]} d6 $146 ({Predecessor:} 10... c5 11. Rb1 d6 12. O-O Qd7 13. Qb3 g5 14. d5 Qg7 15. Bb2 Nd7 16. Bxe4 fxe4 {1-0 (47) Rossetti,M (800)-Rambousek,J (800) IECG email 1998}) 11. h4 (11. O-O $11) 11... Nd7 {[%cal Bb8d7,Bd7f6,Bf6d5,Bd5c3][%mdl 32]} 12. O-O-O a6 13. h5 (13. Bb2 $142) 13... b5 $1 $17 14. cxb5 axb5 15. Bxb5 c6 (15... Nb6 $1 $19 16. h6 g6) 16. Bd3 Ndf6 {[%mdl 1024] Black has strong compensation.} 17. h6 {[#]} g6 $1 18. g4 {[#]} (18. Ne5 $17) 18... Qa5 (18... Ba6 $1 $19 {Threatens to win with ...Bxd3.} 19. Bxa6 Rxa6 20. gxf5 exf5 21. Qb3+ Rf7) 19. g5 (19. gxf5 $17 Qxa4 20. Qxa4 Rxa4 21. Bb2 exf5 22. Bc2) 19... Nd5 20. Bxe4 fxe4 21. Nh4 $2 {This move loses the game for White.} (21. Nd2 $17 {was worth a try.} c5 22. Nb1) 21... Nxc3 22. Nxg6 (22. Rd2 $142 Qxa4 23. Qxc3 Qxa3+ 24. Qxa3 Rxa3 25. Kb2) 22... hxg6 $19 ({And not} 22... Nxd1 23. Nxf8 Nxf2 24. Nxh7 $14) 23. h7+ Kh8 24. Bxd6 {Be5+ is the strong threat.} Rf5 ({Don't take} 24... Nxd1 25. Bxf8 Rxf8 26. Rxd1 $19) 25. Rd2 {If only White now had time for Qb3....} Ba6 26. Qb3 Nxa4 27. Qxe6 $2 (27. Rc2 $19 Bd3 28. Qxe6 Bxc2 29. Be5+ {[%mdl 64] Discovered Attack} Qxe5 30. dxe5 Rxf2 31. Qxc6) 27... Qc3+ {Black mates.} 28. Rc2 Qa1+ 29. Kd2 Rxf2# {Accuracy: White = 42%, Black = 62%.} 0-1

[Event "EWCCC Online Preliminary-D 2020"]
[Site "Online"]
[Date "2020.12.19"]
[Round "9.2"]
[White "Koridze, Lile"]
[Black "Matnadze, Ana"]
[Result "0-1"]
[WhiteElo "2016"]
[BlackElo "2421"]
[Annotator "TA"]
[PlyCount "77"]
[EventDate "2020.12.19"]
[EventType "team-tourn"]
[EventCountry "NET"]
[SourceTitle "playchess.com"]
[Source "ChessBase"]
[SourceQuality "1"]

{[%evp 22,77,25,22,63,35,73,-60,-81,-82,75,83,69,-35,-18,-67,-63,-56,-67,-70,-56,-83,-42,-118,-106,-93,-101,-140,-53,-83,-61,-135,-91,-185,-135,-123,-123,-128,-132,-165,-167,-165,-162,-160,-164,-175,-175,-1312,-1263,-29982,-29983,-29983,-29984,-29984,-29985,-29984,-2191,-29998]} 1. d4 Nf6 2. c4 e6 3. Nf3 d5 4. g3 Bb4+ 5. Bd2 Be7 6. Bg2 c6 7. O-O O-O 8. Qc2 b6 9. Bf4 Bb7 10. Nc3 Nbd7 11. Rfd1 Rc8 12. Ne5 c5 {[#] E08: Closed Catalan: Main Line: 7 Qc2.} 13. dxc5 $146 {[%cal Rc4d5]} ({Predecessor:} 13. cxd5 exd5 14. e3 cxd4 15. exd4 Bb4 16. Qb3 Bxc3 17. bxc3 h6 18. Rac1 Re8 19. h4 Nf8 20. Qa4 {½-½ (44) Olde,M (2205)-Ghosh,S (1867) New Delhi 2019}) 13... Bxc5 14. e3 (14. cxd5 $16 exd5 15. Qf5) 14... Nxe5 $1 $15 {Black is slightly better.} 15. Bxe5 Ng4 $2 (15... Nd7 $1 $17 {[%cal Rd7e5]} 16. Bd4 Bb4) 16. Bd4 $16 Bd6 17. h3 (17. Nb5 $14) 17... Nh6 $1 $15 18. e4 {[%cal Rc4d5]} (18. cxd5 $2 e5 $17) 18... e5 $36 {[%mdl 2048] Black has some pressure.} ({Not} 18... dxc4 $2 19. Nb5 $18) 19. Be3 d4 ({Much worse is} 19... Rxc4 $6 20. Qd3 $16 (20. exd5 f5 $11)) 20. Bxh6 gxh6 21. Nd5 b5 22. b3 (22. Qb3 $15) 22... Bxd5 $17 23. exd5 f5 24. Qd2 Qf6 (24... bxc4 $17 {Strongly threatening ...c3.} 25. bxc4 Rxc4) 25. Rac1 b4 26. f3 (26. Kh1 $15) 26... Bc5 27. Qd3 (27. Kh1 $17) 27... Kh8 28. g4 Qg5 29. Kh1 Rce8 30. Rf1 h5 $1 {[%cal Rh5g4]} 31. gxf5 Rxf5 32. Rce1 Rg8 {[%csl Gg8][%cal Rg5g2]} 33. Re2 Rf4 {...e4! is the strong threat.} 34. Rfe1 $2 (34. Rd2) 34... Qg3 $19 {( -> ...e4!)} 35. Rd1 {[#]} e4 $1 {[%mdl 512]} 36. fxe4 {[#]} (36. Rxe4 Qxg2#) 36... Rf1+ $1 {[%mdl 576] Deflection} 37. Rxf1 Qxd3 38. Bf3 {[#]} Bd6 (38... Rg3 $142 $1 39. Ref2 Rxh3+ 40. Kg2 {[#]} Rxf3 $1 {[%mdl 576] Remove Defender} 41. Rxf3 Qxe4 42. d6 Bxd6 43. c5 Bxc5 44. Rc1 Qe5 45. Rc2 d3 $1 {[%mdl 512]} 46. Rxc5 Qxc5 47. Rf2 d2 $1 {[%mdl 512]} 48. Rf1 Qg5+ 49. Kh1 Qd5+ 50. Kg1 d1=Q 51. Rxd1 Qxd1+ 52. Kf2 Qd3 53. Kg2 h4 54. Kf2 h3 55. a4 bxa3 56. Ke1 h2 57. Kf2 h1=Q 58. b4 Qdf3#) 39. Rg2 {Weighted Error Value: White=0.79/Black=0.39} 0-1

[Event "EWCCC Online Preliminary-D 2020"]
[Site "Online"]
[Date "2020.12.19"]
[Round "9.3"]
[White "Mammadova, Gulnar"]
[Black "Tsirulnik, Maritsa"]
[Result "1-0"]
[WhiteElo "2382"]
[BlackElo "2139"]
[Annotator "TA"]
[PlyCount "75"]
[EventDate "2020.12.19"]
[EventType "team-tourn"]
[EventCountry "NET"]
[SourceTitle "playchess.com"]
[Source "ChessBase"]
[SourceQuality "1"]

{[%evp 9,75,83,106,59,62,61,50,48,97,93,81,86,103,98,204,196,202,193,200,208,209,195,256,134,136,127,139,101,176,177,165,171,172,163,247,220,215,175,325,312,283,283,521,383,411,411,404,402,395,397,401,370,361,362,346,335,330,310,276,248,254,254,243,244,264,256,1020,784]} 1. e4 c5 2. b3 g6 3. Bb2 f6 4. Nc3 {[#]} Bg7 $146 ({Predecessor:} 4... d6 5. Bb5+ Bd7 6. Bxd7+ Nxd7 7. Nf3 Rc8 8. O-O Rc6 9. d4 cxd4 10. Nxd4 Rc5 {1-0 (21) Salavos,P-Hatzelis,Z Mitilini 2008}) 5. f4 e6 6. Nb5 {B20: Sicilian: Unusual White 2nd moves.} d6 7. d4 $1 {[%cal Rd4c5]} a6 8. Nc3 {White is slightly better.} cxd4 9. Qxd4 Nc6 10. Qd2 f5 {Black wants to play ...fxe4.} 11. O-O-O fxe4 (11... Nh6 $16 {might work better.}) 12. Nxe4 $18 Bxb2+ 13. Kxb2 {[#] And now Qc3 would win.} d5 14. Qc3 d4 15. Qc5 {Black must now prevent Nd6+.} Nge7 (15... Qe7 $142 16. Nf3 Qxc5 17. Nxc5 Nge7) 16. Nf6+ (16. Nd6+ $18 Kf8 17. Rxd4) 16... Kf7 $16 17. Ng4 Qd5 {[#]} 18. Qb6 $1 Nf5 (18... Kg7 $16) 19. Nf3 $36 {[%mdl 2048] White is really pushing.} Qd8 20. Qc5 Qe7 21. Nge5+ Nxe5 (21... Kg7 {was necessary.} 22. Qxe7+ Nfxe7) 22. Qxe5 Rd8 23. Bc4 ({Much less strong is} 23. Nxd4 $6 Qf6 $16) 23... Ne3 (23... Kg8 $142) 24. Rxd4 Nxc4+ 25. Rxc4 {Strongly threatening Rc7!} Qf6 $2 (25... Kg8 {was called for.} 26. Qc3 Bd7) 26. Ng5+ Kg7 27. Rc7+ Rd7 28. Nxe6+ Kf7 {...Qxe5+ is the strong threat.} 29. Ng5+ Kg7 30. Rxd7+ Bxd7 31. Qxf6+ Kxf6 32. Nxh7+ {[%mdl 4096] Endgame KRB-KRN} Kf5 33. g3 Rh8 34. Ng5 Bc6 35. Re1 Rxh2 36. Re3 Rg2 37. Nf7 Rf2 $2 (37... b5 38. a3 Kf6) 38. Nh6+ {Weighted Error Value: White=0.14/Black=0.39} 1-0

[Event "EWCCC Online Preliminary-D 2020"]
[Site "Online"]
[Date "2020.12.19"]
[Round "9.3"]
[White "Mamedjarova, Turkan"]
[Black "Tsirulnik, Anna"]
[Result "1/2-1/2"]
[WhiteElo "2309"]
[BlackElo "1854"]
[Annotator "TA"]
[PlyCount "74"]
[EventDate "2020.12.19"]
[EventType "team-tourn"]
[EventCountry "NET"]
[SourceTitle "playchess.com"]
[Source "ChessBase"]
[SourceQuality "1"]

{[%evp 17,74,9,39,-85,-87,-95,-56,-55,-55,-58,-50,-104,-63,-87,8,8,8,8,31,27,19,22,85,86,99,89,90,90,167,154,148,29,30,20,64,20,76,77,306,232,203,172,29990,461,450,68,449,449,443,398,1317,0,903,0,0,0,0,0,0]} 1. d4 Nf6 2. Nf3 g6 3. c4 Bg7 4. Nc3 d5 5. cxd5 Nxd5 6. e4 Nxc3 7. bxc3 O-O 8. Be3 c5 9. Qd2 Qa5 10. e5 {D85: Exchange Grünfeld: Unusual White 7th moves and lines with 7 Nf3.} (10. Rc1 $14 {stays ahead.}) 10... Nc6 11. Rb1 {[#]} cxd4 $146 ({Predecessor:} 11... Rd8 12. Rb5 Qa3 13. Rxc5 Qxc5 14. dxc5 Rxd2 15. Bxd2 Nxe5 16. Nxe5 Bxe5 17. Bc4 Bf5 18. Bd5 Rc8 {0-1 (53) Ward,I (2028)-Cervantes Landeiro,T (2311) chess.com INT 2020}) 12. cxd4 {Black is slightly better.} Qxd2+ 13. Nxd2 Rd8 14. Nb3 ({White should try} 14. Nf3 $15) 14... Be6 15. Bb5 Bxb3 (15... Nb4 $17 {aiming for ...Nc2+.} 16. Rb2 Nxa2 $1 {[%mdl 512]}) 16. Bxc6 $11 Bxa2 17. Rxb7 Rab8 18. Rxb8 Rxb8 19. Kd2 Rc8 (19... Bb1 $11 {keeps the balance.}) 20. Ra1 $16 Rxc6 21. Rxa2 {[%mdl 4096] Endgame KRB-KRB} Rc7 22. Rb2 {Intending Rb8+ and mate.} Bf8 {[#]} (22... f5 $16) 23. Rb8 $1 {[%mdl 512] Threatening mate with Bh6.} Kg7 24. Kd3 (24. d5 $16) 24... e6 $11 25. Ra8 Bb4 26. g3 a5 (26... Rd7 $11 {remains equal.}) 27. Bg5 $16 Rc3+ $2 (27... Be7 $16 {was necessary.}) 28. Ke2 Rc2+ 29. Kf3 Ra2 $2 (29... Be1 $18) 30. g4 (30. Bf6+ $142 Kh6 31. Rg8 Be7 32. Bxe7 f5 33. exf6 Kh5 34. f7 Ra3+ 35. Bxa3) 30... Be1 $18 31. Bf6+ Kh6 32. h4 Rxf2+ 33. Ke3 {Strongly threatening Be7.} Rg2 $2 (33... Rf1 34. Rg8 Bxh4) 34. Bg5+ Kg7 {[#]} 35. Bf6+ $2 ({White has to play} 35. Be7 $1 $18 {[%cal Re7f8] Bf8+ would kill now.} Bb4 36. Bf6+ Kh6 37. Bg5+ Kg7 38. Kf3) 35... Kh6 $11 {The position is equal.} 36. Kf3 Rf2+ 37. Ke3 {Hoping for Be7.} Rg2 $1 {Weighted Error Value: White=0.62/Black=0.64} 1/2-1/2

[Event "EWCCC Online Preliminary-D 2020"]
[Site "Online"]
[Date "2020.12.19"]
[Round "9.3"]
[White "Dubovyk, Anastasiia"]
[Black "Mammadzada, Gunay"]
[Result "0-1"]
[WhiteElo "1971"]
[BlackElo "2443"]
[Annotator "TA"]
[PlyCount "66"]
[EventDate "2020.12.19"]
[EventType "team-tourn"]
[EventCountry "NET"]
[SourceTitle "playchess.com"]
[Source "ChessBase"]
[SourceQuality "1"]

{[%evp 9,66,8,9,8,9,-2,0,-25,-10,-8,-12,-16,-17,-54,-33,-93,-86,-100,-70,-91,-68,-78,-46,-98,-75,-131,-129,-129,-118,-240,-125,-125,0,-228,-107,-106,-77,-77,-73,-114,-114,-227,-216,-219,-185,-204,-192,-163,-137,-143,-113,-325,-325,-317,-334,-475,-502,-612,-612]} 1. e4 c5 2. Nf3 d6 3. d4 cxd4 4. Qxd4 Nf6 5. c4 Nc6 6. Qe3 {B53: Sicilian: 2...d6: Lines with Qxd4.} g6 7. Nc3 Bg7 8. h3 {The position is equal.} O-O 9. Be2 Nd7 10. O-O Qb6 {[#]} 11. Nd5 $146 ({Predecessor:} 11. Rd1 Qxe3 12. Bxe3 Bxc3 13. bxc3 b6 14. Nd4 Bb7 15. Nxc6 Bxc6 16. f3 Rac8 17. a4 {½-½ (45) Ruiz Castillo,J (2497)-Paragua,M (2513) Las Vegas 2019}) 11... Qxe3 12. Nxe3 (12. Bxe3 $15 Bxb2 13. Rae1) 12... Nc5 $17 13. Nd2 Nd4 14. Bd1 Nd3 15. Rb1 Bd7 16. Nc2 ({Better is} 16. Nf3 $15) 16... Ne6 17. Nb3 (17. Be2 $142 Ndf4 18. Bg4) 17... Rfc8 18. Ne3 Nef4 19. Bc2 (19. Bf3 $17) 19... Nb4 ({Black should play} 19... Ne2+ $19 20. Kh1 Nexc1 21. Nxc1 Nxb2) 20. Bd1 Nbd3 ({But not} 20... Nxa2 21. Bd2 $15) (20... h5 $17 21. Bd2 Nbd3) 21. Bc2 $1 $19 Nxc1 (21... Ne2+ $19 {is more deadly.} 22. Kh1 Nexc1 23. Nxc1 Nxb2) 22. Nxc1 $17 Bd4 23. b3 b5 24. Bd1 Rab8 $36 {[%mdl 2048] Keeping White busy.} 25. Nc2 (25. Ne2 $17 Bxe3 26. fxe3) 25... Bg7 26. Ne2 Nd3 27. cxb5 Bxb5 ({Resist} 27... Rxb5 28. Ne3 $17) 28. Ned4 Bd7 29. Be2 Nf4 30. Ba6 $2 {[#]} (30. Bc4 $17 {was the only chance.}) 30... e5 $1 $19 31. Bxc8 Rxc8 32. Nb4 (32. Nf3 $142 Rxc2 33. Rfd1) 32... exd4 33. Rfd1 Ne2+ {Accuracy: White = 47%, Black = 69%.} 0-1

[Event "EWCCC Online Preliminary-D 2020"]
[Site "Online"]
[Date "2020.12.19"]
[Round "9.3"]
[White "Mashchenko, Tamila"]
[Black "Balajayeva, Khanim"]
[Result "0-1"]
[WhiteElo "1768"]
[BlackElo "2376"]
[Annotator "TA"]
[PlyCount "86"]
[EventDate "2020.12.19"]
[EventType "team-tourn"]
[EventCountry "NET"]
[SourceTitle "playchess.com"]
[Source "ChessBase"]
[SourceQuality "1"]

{[%evp 20,86,24,42,36,27,16,6,12,-40,-42,-24,-33,-27,-34,-106,-60,-54,-84,-89,-80,-339,-340,-481,-476,-481,-454,-508,-502,-689,-655,-638,-626,-1249,-1189,-2837,-2221,-1391,-727,-712,-712,-728,-728,-721,-721,-720,-720,-716,-714,-713,-709,-714,-705,-707,-693,-700,-688,-29993,-29982,-29995,-29992,-29993,-29993,-29993,-29989,-29992,-29990,-29989,-29990]} 1. c4 e6 2. Nc3 d5 3. cxd5 exd5 4. d4 c5 5. Nf3 Nc6 6. g3 Nf6 7. Bg2 Be7 8. O-O O-O 9. h3 Re8 10. Be3 cxd4 11. Nxd4 Be6 {D34: Tarrasch Defence: 6 g3 Nf6 7 Bg2 Be7.} 12. Qd2 Ne5 13. b3 {[#]} Rc8 $146 {The position is equal.} ({Predecessor:} 13... Bb4 14. Qb2 Qa5 15. Na4 Ned7 16. a3 Be7 17. Rfc1 Ne4 18. Nc3 Ndf6 19. b4 Qd8 20. Nxe4 Nxe4 21. Bxe4 dxe4 22. Nxe6 fxe6 {½-½ (32) Kapanen,K-Raitanen,M Finland 1998}) 14. f4 (14. a3 $11) 14... Bb4 $15 15. Rac1 Nc6 16. Qd3 Qa5 17. Ncb5 (17. Kh2 $15) 17... a6 ({Don't blunder} 17... Qxa2 $2 18. Ra1 $18) 18. Nxc6 Rxc6 19. Rxc6 bxc6 20. Na7 $2 {[%mdl 8192] This move loses the game for White.} (20. Nd4 $17 {was called for.}) 20... Bd7 $19 {[#] Threatens to win with ...Rxe3!} 21. Bf2 (21. Bd4 {might work better.} Bc5 22. Rc1 Bxd4+ 23. Qxd4) 21... Bc5 22. Nxc6 Bxf2+ 23. Rxf2 Bxc6 24. Rf1 Qc5+ 25. Kh2 Bb5 26. Qf5 Bxe2 27. Re1 {[#]} Qf2 $1 28. Rc1 Ne4 29. Rc8 Qxg3+ 30. Kg1 Qe3+ 31. Kh2 Nf6 32. Rxe8+ Qxe8 33. Bxd5 Nxd5 34. Qxd5 h6 35. Qd2 Bb5 36. Kg3 Qe4 37. Qd8+ Kh7 {( -> ...Qe1+)} 38. Qc7 Bc6 {Black mates.} 39. Qxf7 Qg2+ 40. Kh4 Qf2+ 41. Kg4 Bf3+ 42. Kf5 Qc5+ 43. Ke6 Bd5+ {[%mdl 64] Skewer.  Weighted Error Value: White=1.03/Black=0.41} 0-1

[Event "EWCCC Online Preliminary-D 2020"]
[Site "Online"]
[Date "2020.12.19"]
[Round "9.4"]
[White "Bodnaruk, Anastasia"]
[Black "Berezovska, Svetlana"]
[Result "1-0"]
[WhiteElo "2423"]
[BlackElo "1793"]
[Annotator "TA"]
[PlyCount "55"]
[EventDate "2020.12.19"]
[EventType "team-tourn"]
[EventCountry "NET"]
[SourceTitle "playchess.com"]
[Source "ChessBase"]
[SourceQuality "1"]

{[%evp 9,55,23,18,3,17,0,28,33,29,27,29,22,21,8,19,20,11,17,21,0,25,-10,2,-23,38,45,39,10,9,1,80,87,129,129,106,95,671,668,655,641,908,875,1137,1143,1085,1072,1058,1051]} 1. e4 c5 2. Nc3 Nc6 3. Bb5 e6 4. Bxc6 dxc6 5. d3 e5 6. f4 {B23: Closed Sicilian: Lines without g3.} exf4 7. Bxf4 Nf6 8. Nf3 {White has an edge.} Be7 9. O-O O-O 10. Qe2 Bg4 {[#]} 11. Kh1 $146 ({Predecessor:} 11. h3 Bh5 12. g4 Bg6 13. Ne5 Ne8 14. Kg2 Nc7 15. Bg3 Bh4 16. Qf2 Bxg3 17. Qxg3 {½-½ (35) Graef,H (2168)-Meier,V (2198) Bayern 2008}) 11... Re8 12. h3 Bh5 13. g4 Bg6 14. Qh2 Qd7 15. Nh4 Rad8 16. Nf5 Bf8 (16... Bxf5 $11 17. gxf5 Nh5) 17. Bg5 Bxf5 18. Rxf5 {Strongly threatening e5.} (18. Bxf6 $5 gxf6 19. Rxf5 $11 (19. gxf5 Kh8 $11)) 18... Be7 $1 19. Raf1 Rf8 (19... c4 $11 {remains equal.}) 20. Qf2 $36 {[%mdl 2048] White is on the roll.} Qd4 21. Be3 ({Much weaker is} 21. Bxf6 $6 Qxf2 22. R1xf2 Bxf6 $11) 21... Qb4 22. e5 Nd5 $2 {[%mdl 8192] [#] This move loses the game for Black.} (22... Nd7 $16) 23. Nxd5 $18 {White is clearly winning.} cxd5 24. Rxf7 Qxb2 25. Bg5 Qxe5 26. Bxe7 Qxe7 27. Rxe7 {[#] White threatens Rf7 and mate.} Rxf2 28. Rxf2 {Weighted Error Value: White=0.09/Black=0.49} 1-0

[Event "EWCCC Online Preliminary-D 2020"]
[Site "Online"]
[Date "2020.12.19"]
[Round "9.4"]
[White "Maltsevskaya, Aleksandra"]
[Black "Berezovsky, Fiorina"]
[Result "1-0"]
[WhiteElo "2311"]
[BlackElo "1665"]
[Annotator "TA"]
[PlyCount "63"]
[EventDate "2020.12.19"]
[EventType "team-tourn"]
[EventCountry "NET"]
[SourceTitle "playchess.com"]
[Source "ChessBase"]
[SourceQuality "1"]

{[%evp 11,62,25,56,61,53,37,65,37,115,112,159,142,279,78,140,153,325,330,290,294,647,630,774,760,845,819,966,906,1443,1447,1673,1661,1684,1637,6433,6266,3752,3271,29991,29989,29988,29989,29992,29993,29996,29997,29997,29998,29998,29998,29998,29999,29999]} 1. e4 c5 2. Nf3 e6 3. d4 cxd4 4. Nxd4 a6 5. Bd3 Qc7 6. O-O Bc5 7. Nb3 {B42: Sicilian: Kan Variation: 5 Bd3.} Ba7 8. c4 Nc6 9. Nc3 {[#] White is slightly better.} Nd4 $146 ({Black should play} 9... Nge7 $14) ({Predecessor:} 9... Nf6 10. Qe2 O-O 11. Kh1 Ne5 12. Bf4 d6 13. Bxe5 dxe5 14. Rad1 Bd7 15. f4 Rad8 {½-½ (15) Przepiora,A (1663)-Dolbieva,K (1845) Riga 2018}) 10. Qg4 Nxb3 11. axb3 Bd4 {[#]} (11... Kf8 $16 {was called for.} 12. Qf3 Ne7) 12. Ne2 $2 (12. Nb5 $1 $18 {[%mdl 512] has better winning chances.} axb5 13. Rxa8) 12... Be5 ({Black should try} 12... h5 13. Qg3 Qxg3 14. hxg3 Bc5) 13. f4 $16 Nh6 $2 {Loses the game.} (13... h5 $16 14. Qf3 Bd6) 14. Qg3 $18 Bf6 15. e5 Be7 $2 (15... Bd8 16. Qxg7 {[%mdl 64] Double Attack} Qc5+ 17. Kh1 Qf8 18. Qxf8+ Rxf8) 16. Qxg7 Qc5+ 17. Kh1 Rg8 18. Qxh6 Qc6 19. Ng3 {[%cal Be2g3,Bg3e4,Be4f6][%mdl 32]} b5 20. Be4 {[%mdl 64] [#] Skewer} Qc5 21. Bxa8 bxc4 22. Qxh7 Rg4 23. Qh8+ Bf8 24. Ne4 Qd4 25. Nf6+ {[%mdl 64] Double Attack. White mates.} Ke7 26. Nxg4 cxb3 27. Be3 Qxb2 28. Bc5+ d6 29. Bxd6+ Kd7 30. Qxf8 {[%cal Rg4f6]} Bb7 31. Qe7+ Kc6 32. Qxb7# {Weighted Error Value: White=0.32/Black=1.14} 1-0